General principles of contract law in Malaysia

Bibliographic Details
Main Author: Dass, S.Santhana
Format: Book
Language:English
Published: Kuala Lumpur : Marsden law Book , 2005
Subjects:

MARC

LEADER 00000cam a2200000 7i4500
001 0000024231
005 20120409.0
008 120328s my # eng
020 |a 9834056524 ,   |c RM532.00 
040 |a INS 
090 0 0 |a KF5935.30   |b D37 2005 
100 0 |a Dass, S.Santhana 
245 1 0 |a General principles of contract law in Malaysia   |c S.Santhana Dass 
260 |a Kuala Lumpur :   |b Marsden law Book ,   |c 2005 
300 |a 1xvii, 553p. ;   |c 25cm. 
500 |a Includes index 
650 0 |a Breach of contract   |z Malaysia 
650 0 |a Contracts   |z Malaysia 
999 |a 1000000665   |b BOOK   |c Open Shelf   |e Default branch